عرض عادي عرض مارك
  • Pritchett, V. S.

مدخل إسم شخص

عدد التسجيلات المستخدمة في: 1

001 - رقم الضبط

  • حقل الضبط: 6948

003 - معرف رقم الضبط

  • حقل الضبط: OSt

005 - تاريخ ووقت أخر عملية

  • حقل الضبط: 20111203154349.0

008 - عناصر بيانات ثابتة الطول

  • حقل تحكم ثابت الطول: 111203|||a|||||| | ||| d

040 ## - مصدر الفهرسة

  • هيئة الفهرسة الأصلية: OSt
  • وكالة الكتابة: OSt

100 ## - مدخل -- أسم شخص

  • إسم شخص: Pritchett, V. S.
  • الشكل الكامل للاسم: (Victor Sawdon),
  • تواريخ مرتبطة بالاسم: 1900-1997

670 ## - بيانات المصدر موجوده

  • الاستشهاد بالمصدر: Work cat.: (OSt)20262: The Oxford book of short stories /, 1981.